000 01144nam a2200121Ia 4500
008 220616s9999||||xx |||||||||||||| ||und||
245 0 _aImproving Health Care in Low- and Middle-Income Countries
_bA Case Book
546 _aEnglish[eng]
650 _aHealth Services Research||Development and Health||Health Administration||Health Care Management||Health Sciences||Development Studies||Health Care||quality improvement methodology||improvement science||health care improvement methods||case studies||global health||public health||strengthening health systems||improving health outcomes||patient-centered care||low- and middle-income countries (LMICs)||scale-up initiatives||healthcare systems||quality of care||healthcare access||sustainability||facility-level improvement||community-level improvement||district/regional-level improvement||national-level improvement||open access||Health systems & services||Development studies||Medical administration & management||Health economics
700 _aMarquez, Lani Rice
856 _uhttps://library.oapen.org/bitstream/20.500.12657/39566/1/2020_Book_ImprovingHealthCareInLow-AndMi.pdf
942 _cEB
999 _c20977
_d20977